| 000 | 00382cam a2200157ua 4500 | ||
|---|---|---|---|
| 041 |
_amal _h |
||
| 082 |
_a894.812 2 _bVEN/VI |
||
| 100 | _aVenuj, Klappana . | ||
| 245 |
_aVijayakodi / _cKlappana Venuj. _hTextual Documents |
||
| 260 |
_aKayamkulam : _bTown Press , _c1955. |
||
| 300 | _a75 ; . | ||
| 504 | _a | ||
| 650 | _aDrama - Malayalam | ||
| 942 | _cBK | ||
| 999 |
_c1083 _d1083 |
||